Wordl history : (Registro nro. 9392)

Detalles MARC
000 -LIDER
fixed length control field 00827nam a22002537a 4500
001 - NÚMERO DE CONTROL
Identificador de número de control 00119
003 - IDENTIFICACDOR DE NÚMERO DE CONTROL
control field DO-SdBNP
005 - DATE AND TIME OF LATEST TRANSACTION
control field 20160328112412.0
007 - CAMPOS FIJOS DE DESCRIPCIÓN FÍSICA
fixed length control field 00119
008 - ELEMENTOS DE LONGITUD FIJA
fixed length control field 160328b xxu 1999 ||||| |||| 00| 0 spa d
020 ## - ISBN
International Standard Book Number 978395872741
040 ## - FUENTE DE CATALOGACIÓN
Agencia que crea de manera original el registro BPMSU
Idioma de catalogación spa
Agencia que realiza la transcripción BPMSU
092 ## - LOCALLY ASSIGNED DEWEY DECIMAL CALL NUMBER
Número de clasificación xxxxxxx
Número de ítem (Cutter) xxxxxxx
245 10 - MENCIÓN DE TITULO
Título Wordl history :
Subtítulo patterns of interaction /
Mención de responsabilidad Roger B. Black... [et. al.].
260 ## - PUBLICACIÓN, DISTRIBUCIÓN, ETC. (PIE DE IMPRENTA)
Lugar de publicación, distribución, etc Estados Unidos :
Nombre del editor, distribuidor, etc. McDougal littell,
Fecha de publicación, distribución, etc 1999.
300 ## - DESCRIPCIÓN FÍSICA
Extensión xxxviii, 1082 p. :
Otros detalles físicos il.,
Dimensiones 28 cm.
500 ## - NOTA GENERAL
Nota general "The history of civilizations, in fact, is the history of continual mutual borrowings over many centuries,"
700 10 - ASIENTO SECUNDARIO -- NOMBRE PERSONAL
Nombre personal Black, Linda,
Mención de responsabilidad ed
700 10 - ASIENTO SECUNDARIO -- NOMBRE PERSONAL
Nombre personal Krieger, Larry S.,
Mención de responsabilidad ed.
700 10 - ASIENTO SECUNDARIO -- NOMBRE PERSONAL
Nombre personal Naylor, Phillip C.,
Mención de responsabilidad ed.
700 10 - ASIENTO SECUNDARIO -- NOMBRE PERSONAL
Nombre personal Shabaka, Dahia Ibo,
Mención de responsabilidad ed.
942 ## - ADDED ENTRY ELEMENTS (KOHA)
Source of classification or shelving scheme Dewey Decimal Classification
Koha item type Libros
956 ## - LOCAL ELECTRONIC LOCATION AND ACCESS (OCLC)
Nombre de host Brenda Tavárez
Existencias
Withdrawn status Lost status Source of classification or shelving scheme Damaged status Not for loan Collection code Home library Current library Date acquired Source of acquisition Total Checkouts Barcode Date last seen Price effective from Koha item type
    Dewey Decimal Classification       Biblioteca Pública Metropolitana Salomé Ureña Biblioteca Pública Metropolitana Salomé Ureña 03/28/2016 Donación   BPMSU16030274 03/28/2016 03/28/2016 Libros